000 00464cam a2200181ua 4500
001 6736
008 140212n ii |||gr||||Z||||||asm
040 _cMAIN
082 _a651
245 _aSachib prakaran
_cBy Krishnakanta kalita
250 _a1st ed.
260 _aGuwahati:
_bUniversity publication department,
_c1993.
300 _ax,318p.
653 _aOffice services
653 _aSachib prakaran
700 _aKalita,Krishnakanta,
_eAuthor.
942 _cBK
999 _c5884
_d5884